Beetlejuice: The Musical- The Whole "Being Dead" Thing Lyrics - Statistics

General Stats
  • This quiz has been taken 53 times
  • The average score is 53 of 81
Answer Stats
Hint Answer % Correct
'Scuse me, sorry to _____ in Barge
100%
Hey, folks! Begging your ______ Pardon
100%
Y'know, "_________" thing being dead
97%
Y'know, "_________" thing being dead
97%
P*e where you want, the whole "_____________" thing Being Dead
97%
the whole the whole "_____________" thing being dead
97%
On the whole "__________" thing Being Dead
97%
It's a show _____ death about
95%
Welcome to a show about ______ Death
95%
Welcome to a show about ______ death
95%
God, I hope you're ready for a show about _____! Death
95%
___! You're all gonna die! Die
95%
You're all gonna ___! Die
95%
You're You're _____ be fine gonna
95%
I'll, I'll be your _____ Guide
95%
I'll, I'll be your _____ guide
95%
And if I hear your cell-phone ______ Ringing
95%
To the other ____ side
95%
to the _____ side side
95%
I do this b*******t, like, ____ times a week eight
92%
So just relax, you'll be ____ fine
92%
You're, you're gonna be____ fine
92%
I can show you what comes ____ Next
92%
On the _____ side other
92%
On the ______ side other
92%
Stay in your _____ seats
92%
Drink your fifty-dollar ____ wine
92%
I'll kill you ______ Myself
89%
Now let's skip the _____ and start on the whole tears
89%
The women's _________ has no line here just bathroom
87%
Now we're never gonna see '__" em
87%
So don't be ______ Freaked
87%
And take a _____ Breath
84%
________ gets on fine here Everybody
84%
Death can get a person _______ stressed
84%
Though in full _______ Disclosure
82%
You're ______, enjoy the singing doomed
82%
Yeah, I know you're ____, but you can take a joke here woke
82%
Nobody is ______-proof bullet
79%
And every ____ I do, like, a ton of c*ke here show
79%
Seriously, though, this is a ____ about show
79%
"We should have _____'_way more diems carpe'd
74%
'Cause we're all on a ___ list hit
74%
Might not live 'till _________ christmas
71%
You're just gonna love the _____ here folks
71%
So take a little _____ here break
66%
The sword of ________ is swinging Damocles
66%
The scenery is ____ here fake
66%
Like Rodgers, Hart, and ___________ here Hammerstein
66%
But there's a giant ______ here snake
63%
"I work out, I eat _____!" clean
61%
Hey, that just _________ statistics
58%
Time to face the ______ truth (Dies Irae) brutal
55%
How you ____'? doin
47%
Kinda like a _____ here wake
47%
When you're _____, who gives a s**t? dead
45%
Jesus, pass the _______ Dramamine
42%
If you die while listening to this _______ album
39%
Oh, not ____! good
39%
It's still gonna keep ________ Playing
37%
There's no destiny or ____ fate
34%
Filled with people that you ___ hate
32%
Death is _____, but it's hardly something new Taboo
32%
______ you! Thank
32%
There's nothing _______ professionals can do Medical
29%
Choke to death on _________ Triscuits
29%
Just a terrifying _____ wait
29%
No one makes it out ______ alive
26%
toss that ____ in the pit body
26%
'____ maybe just bill you Cept
26%
Blah, blah, "_____ Jesus" magic bible
24%
"______", you freakin' posers Namaste
24%
And on a certain date, the _______ kills you! universe
24%
"No pilates, no more ____" yoga
24%
I have ________ the art (Dies Irae) mastered
18%
That's with ______ life thing
18%
"Gosh, it's _____, ain't it tragic?" awful
16%
Of tearing ___________ apart (Dies Irae) convention
16%
From the cradle to __________ (Dies Irae) Cremation
16%
So, how about we all make a ________ (Dies Irae) start
16%
Death just needs a little __________ conversation
13%
No matching quizzes found
Score Distribution
Percent of People with Each Score
Percentile by Number Answered
Your Score History
You have not taken this quiz